| 000 -CABECERA |
| Longitud fija campo de control |
00694nam a2200217 a 4500 |
| 001 - NÚMERO DE CONTROL |
| Número de control |
2645 |
| 003 - IDENTIFICADOR DEL NÚMERO DE CONTROL |
| Identificador del número de control |
CDMR |
| 005 - FECHA Y HORA DE LA ÚLTIMA TRANSACCIÓN |
| Fecha y hora de la última transacción |
20131126181143.0 |
| 008 - CÓDIGOS DE INFORMACIÓN DE LONGITUD FIJA |
| Códigos de información de longitud fija |
130130s1987||||||||||||||||||||||||||||d |
| 020 ## - NÚMERO INTERNACIONAL NORMALIZADO PARA LIBROS |
| Número Internacional Normalizado para Libros (ISBN) |
847665040X |
| 040 ## - FUENTE DE LA CATALOGACIÓN |
| Centro catalogador de origen |
CDMR |
| Lengua de catalogación |
cat |
| Centro transcriptor |
CDMR |
| 100 1# - PUNTO DE ACCESO PRINCIPAL-NOMBRE DE PERSONA |
| Nombre de persona |
Carrillo, Marc |
| 9 (RLIN) |
335 |
| 245 14 - MENCIÓN DE TÍTULO |
| Título |
Los límites a la libertad de prensa en la Constitución española de 1978 |
| Mención de responsabilidad, etc. |
Marc Carrillo |
| 260 ## - PUBLICACIÓN, DISTRIBUCIÓN, ETC. (PIE DE IMPRENTA) |
| Lugar de publicación, distribución, etc. |
Barcelona |
| Fecha de publicación, distribución, etc. |
1987 |
| Nombre del editor, distribuidor, etc. |
Promociones Publicaciones Universitarias |
| 300 ## - DESCRIPCIÓN FÍSICA |
| Extensión |
205 p. |
| 490 0# - MENCIÓN DE SERIE |
| Mención de serie |
Apuntes sobre Constitución y Política |
| 650 04 - PUNTO DE ACCESO ADICIONAL DE MATERIA - TÉRMINO DE MATERIA |
| 9 (RLIN) |
4150 |
| Término de materia o nombre geográfico como elemento inicial |
Llibertat d'impremta |
| Subdivisión geográfica |
Espanya |
| 650 04 - PUNTO DE ACCESO ADICIONAL DE MATERIA - TÉRMINO DE MATERIA |
| 9 (RLIN) |
4383 |
| Término de materia o nombre geográfico como elemento inicial |
Premsa |
| Subdivisión geográfica |
Espanya |
| Subdivisión de materia general |
Dret i legislació |
| 650 04 - PUNTO DE ACCESO ADICIONAL DE MATERIA - TÉRMINO DE MATERIA |
| 9 (RLIN) |
4396 |
| Término de materia o nombre geográfico como elemento inicial |
Dret i ètica |
| 942 ## - ENTRADA DE ELEMENTOS AGREGADOS (KOHA) |
| Koha [por defecto] tipo de item |
Monografies |
| Fuente de clasificaión o esquema |
|